000 00515nam a2200133Ia 4500
008 171207s9999 xx 000 0 und d
100 _aWarren, Jane A.
245 2 _aA Creative Model: The Three-Selves
245 _cJane A. Warren & Angela Garfield Weingartner
260 _c2017
300 _apages 335-346, July-September 2017
440 _aJournal of Creativity in Mental Health
_v12:3
650 _aCounselor education, creativity in counseling, family counseling, intervention, posters, supervision, the self
999 _c347697
_d347697